Music Quiz

Random Music or Lyrics Quiz

Dave Matthews Band - Name that Song Quiz Stats

Quiz not verified by Sporcle

Challenge
Share
Tweet
Embed
Score 0/30 Timer 08:00
0 Plays Today
Lyric Song % Correct
Sitting, Smoking, feeling high. In this moment, it feels so right...Crush
86.6%
...and remembers being small, playing under the table and dreaming.Ants Marching
83%
We wore pineapple grass bracelets.Tripping Billies
79.3%
I dream myself a thousand times around the world... but I can't get out of this place.Grey Street
72.2%
I like my coffee with toast and jelly, but I'd rather be licking from your back to your belly...Shake Me Like a Monkey
70.3%
Somebody's heart is broken and it becomes your favorite song...Funny the Way it is
67.6%
Look up at the sky, my mouth is open wide, lick and taste, what's the use in worrying?Dancing Nancies
66.3%
Ooh, traffic jam, got more cars than a beach got sand...Too Much
61.9%
I wanted to stay, I wanted to play, I wanted to love you...#41
61.8%
Probably get it wrong as much as I get it right, but I got it right, woman, when I caught your eye.Spaceman
58.2%
Tell me when the help is gonna come... ohh... Stella said daddy when you gonna put me in a song?Alligator Pie
55.1%
But oh God, under the weight of life, things seem brighter on the other side...Big Eyed Fish
52.7%
Come sister, My brother, shake up your bones, shake up your feet...Pig
52.5%
Red is the color of the sun with my eyes closed, I can still taste you, and I will again.Seven
49.9%
No need to bear the weight of your worries, just let them all fall away.Pantala Naga Pampa
47.1%
Lyric Song % Correct
...grown tired of water all the time, you quench my heart, and you quench my mind...Two Step
44.1%
When we make our passion pictures, you and me twist up, secret creatures...Say Goodbye
41%
Kiss me, oh won't you kiss me now, and sleep I would inside your mouth.Lover Lay Down
39.6%
My mind in knots- my stomach reels, in concern for what I might do, or what I've done.Rhyme and Reason
37.2%
Funny when you're small, the moon follows the car. Does no one but you see, hey, the moon is chasing me...You Never Know
37%
You and I, let us fumble around in the touches...Warehouse
35.8%
Tell me that everything is all taken care of, by those qualified to take care of it all.Dive In
34.7%
But I've been walking for a thousand miles, if for one last time I could see you smile.American Baby
34.4%
Everybody asks me how she's doing since she went away; I said I couldn't tell you, but I'm OK.Pay for What You Get
33.1%
You know she's gonna leave my broken heart behind her... I'll take what she's giving up, yeah.Busted Stuff
32.1%
I have no lid upon my head, but if i did, you could look inside and see what's on my mind.Let You Down
31.8%
...crazy is alright, when you're looking at me, you make me feel high...Rapunzel
30.6%
Last night, no way, I was going to be left hungry, then your daddy caught me sneaking out your bed...Smooth Rider
30.6%
First time I saw you, you did me that way, what should I say? I saw you laughing and I was afraid that I might get in the way.Stolen Away on 55th and 3rd
25%
She stares up at the stars when the stars fell from her hair then, i bent down to collect them, and then she was gone.Sleep to Dream Her
19.7%

You're not logged in!

Compare scores with friends on all Sporcle quizzes.
Join for Free
OR
Log In

You Might Also Like...

Show Comments

Extras

Top Quizzes Today


Score Distribution

Your Account Isn't Verified!

In order to create a playlist on Sporcle, you need to verify the email address you used during registration. Go to your Sporcle Settings to finish the process.

Report this User

Report this user for behavior that violates our Community Guidelines.

Details: